header

Possibility (Record no. 170084)

MARC details
000 -LEADER
fixed length control field 01345nam a2200373 a 4500
082 04 - DEWEY DECIMAL CLASSIFICATION NUMBER
Classification number 123
Classification number 111
100 1# - MAIN ENTRY--AUTHOR NAME
Personal name Jubien, Michael.
245 10 - TITLE STATEMENT
Title Possibility
260 ## - PUBLICATION, DISTRIBUTION, ETC. (IMPRINT)
Place of publication Oxford :
Name of publisher Clarendon Press ;
Place of publication Oxford ;
-- New York :
Name of publisher Oxford University Press,
Year of publication 2009.
300 ## - PHYSICAL DESCRIPTION
Number of Pages xv, 211 p.
650 #0 - SUBJECT ADDED ENTRY--TOPICAL TERM
Topical Term Possibility.
Topical Term Metaphysics.
Topical Term Necessity (Philosophy)
856 40 - ELECTRONIC LOCATION AND ACCESS
Uniform Resource Identifier http://site.ebrary.com/lib/rucke/Doc?id=10300139

No items available.

© 2026 Rongo University
Contact us: librarian | system librarian | Rongo university